Cargando...

Raghava Pandaveeyam ed by Damodar Jha /

Detalles Bibliográficos
Autor Principal: Kaviraja
Idioma:Undetermined
Publicado: Varanasi : Chowkhamba vidya Bhavan , 1965.
Series:Vidyabhavan sanskrit granthamala 128
LEADER 00526nam a2200145Ia 4500
001 47147
008 170722s9999 xx 000 0 und d
100 |a Kaviraja 
245 |a Raghava Pandaveeyam ed by Damodar Jha / 
260 |a Varanasi :  |b Chowkhamba vidya Bhavan ,  |c 1965. 
300 |a Ppxxiv+415  |c 22.4cms 
490 |a Vidyabhavan sanskrit granthamala 128 
942 |c GEN 
999 |c 109634  |d 109634 
952 |0 0  |1 0  |4 0  |6 O_15_000000000000000_1F80R_K5  |7 0  |9 154480  |a LIB  |b LIB  |d 2017-08-12  |o O15.1F80,R K5  |p 207769  |r 2017-08-12  |v 65.00  |w 2017-08-12  |y GEN